Word Ladder: Mystery Country Quiz Stats

 Plays Quiz Updated Jun 21, 2018

Challenge
Share
Tweet
Embed
Score 0/21 Timer 03:00
4 Plays Today
Clue 4-Letter Answer % Correct
Belonging to meMINE
95.4%
Well-known quote: ''Draw a ____ in the Sand''LINE
95.2%
2003 movie: ''____ Lisa Smile'' MONA
90.6%
Solitary; without accompanimentLONE
89.7%
Place for an earringLOBE
85.8%
Garment worn by a citizen in ancient RomeTOGA
84%
★ A native language of this country ★★MINA★
78.2%
High arcs in tennisLOBS
77.3%
Disorderly, riotous crowdsMOBS
74.2%
Ripped; pulled apartTORE
71%
Small pie filled with cooked fruitTART
70.2%
Clue 4-Letter Answer % Correct
Traditional knowledge and learningLORE
69.2%
★ Ethnic group of this country (familiar form) ★★MOBA★
65.2%
★West African country between Ghana and Benin ★★TOGO★
65.1%
This Japanese word for tiger, when tripled, is a 1970 WWII movie titleTORA
64.8%
Wrongful act for which one is entitled compensationTORT
60.7%
Vehicle's weight without cargo or passengersTARE
56%
Plantation in ''Gone with the Wind''TARA
50.9%
Small, low-slung vehicle, often used for racingKART
37.8%
★ Capital city of this Word Ladder ★★LOMÉ★
31.5%
★ One of the five regions of this country ★★KARA★
25.1%

Today's Daily Dose

You're not logged in!

Compare scores with friends on all Sporcle quizzes.
OR
Log In

You Might Also Like...

Show Comments

Extras

Top Quizzes Today


Score Distribution

Your Account Isn't Verified!

In order to create a playlist on Sporcle, you need to verify the email address you used during registration. Go to your Sporcle Settings to finish the process.

Report this User

Report this user for behavior that violates our Community Guidelines.

Details: